|
|
|
|
| LEADER |
00000nam0a2200000 4500 |
| 001 |
256591 |
| 005 |
20231101233128.0 |
| 010 |
|
|
|a 9785778223141
|
| 035 |
|
|
|a (RuTPU)RU\TPU\book\279303
|
| 090 |
|
|
|a 256591
|
| 100 |
|
|
|a 20140410d2013 m y0rusy50 ca
|
| 101 |
0 |
|
|a rus
|
| 102 |
|
|
|a RU
|
| 105 |
|
|
|a a j 001zy
|
| 200 |
1 |
|
|a Высокоэнергетические материалы
|e учебное пособие для вузов
|f В. В. Андреев [и др.]
|
| 210 |
|
|
|a Новосибирск
|c Изд-во НГТУ
|d 2013
|
| 215 |
|
|
|a 326 с.
|c ил.
|
| 225 |
1 |
|
|a Учебники НГТУ
|
| 320 |
|
|
|a Библиогр.: с. 324-325.
|
| 320 |
|
|
|a Библиография в конце глав.
|
| 330 |
|
|
|a Приведены основные сведения о теории взрывчатых веществ, а также о порохах, инициирующих и бризантных взрывчатых веществах и методах снаряжения боеприпасов. Описаны основные методы определения характеристик высокоэнергетических веществ, применяемых при теоретических расчетах, а также методы расчета напряжений, возникающих в разрывном заряде при выстреле. Изложены сведения об электродетонаторах и особенности применения средств взрывания.
|
| 606 |
1 |
|
|a Взрывчатые вещества
|x Химическая технология
|2 stltpush
|3 (RuTPU)RU\TPU\subj\32964
|9 55336
|
| 610 |
1 |
|
|a высокоэнергетические материалы
|
| 610 |
1 |
|
|a высокоэнергетические вещества
|
| 610 |
1 |
|
|a взрывы
|
| 610 |
1 |
|
|a теория
|
| 610 |
1 |
|
|a детонация
|
| 610 |
1 |
|
|a инициирующие вещества
|
| 610 |
1 |
|
|a взрывание
|
| 610 |
1 |
|
|a взрыватели
|
| 610 |
1 |
|
|a средства
|
| 610 |
1 |
|
|a бризантность
|
| 610 |
1 |
|
|a бризантные взрывчатые вещества
|
| 610 |
1 |
|
|a боеприпасы
|
| 610 |
1 |
|
|a энергетические характеристики
|
| 610 |
1 |
|
|a расчеты
|
| 610 |
1 |
|
|a взрывные работы
|
| 610 |
1 |
|
|a электродетонаторы
|
| 610 |
1 |
|
|a учебные пособия
|
| 675 |
|
|
|a 662.2(075.8)
|v 3
|
| 701 |
|
1 |
|a Андреев
|b В. В.
|g Владимир Васильевич
|
| 701 |
|
1 |
|a Гуськов
|b А. В.
|g Анатолий Васильевич
|
| 701 |
|
1 |
|a Милевский
|b К. Е.
|g Константин Евгеньевич
|
| 701 |
|
1 |
|a Слесарева
|b Е. Ю.
|g Екатерина Юрьевна
|
| 801 |
|
1 |
|a RU
|b 63413507
|c 20140410
|
| 801 |
|
2 |
|a RU
|b 63413507
|c 20150708
|g RCR
|
| 900 |
|
|
|a Элементы теории взрыва
|
| 942 |
|
|
|c BK
|
| 959 |
|
|
|a 66/20140410
|d 2
|e 550,00
|f ЧЗТЛ:1
|f АНЛ:1
|